000 00807nam a2200241 a 4500
001 000039608
005 20201002033638.0
008 130711s2006 ag a 000 0 spa d
020 _a9789871311040
040 _aDO-SdBNP
_bspa
_cBNPHU
245 0 0 _aSantiago de Liniers y las invasiones inglesas /
_cMarcela Aspel... [et. al.].
260 _aCórdoba,
_c2006.
300 _a298 p. :
_bils. ;
_c23 cm.
500 _aIncluye notas al pie de las páginas
700 1 _aBischoff, Efraín U.
_965773
700 1 _aCalvimonte, Luis Q.
_965774
700 1 _aCerda Donose, Jeanette C. de la
_965775
700 1 _aGarzón, Rafael
_965776
700 1 _aHeredia, Edmundo A.
_965777
700 1 _aLlamosas, Esteban F.
_965778
700 1 _aSaguier Fonrouge
_965779
700 1 _aTejerina Carreras, Ignacio G.
_965780
999 _c39098
_d39098